Programming graphical user interfaces in R (Record no. 3252)

MARC details
000 -LEADER
fixed length control field 00753nam a22002537a 4500
003 - CONTROL NUMBER IDENTIFIER
control field OSt
005 - DATE AND TIME OF LATEST TRANSACTION
control field 20220107122720.0
008 - FIXED-LENGTH DATA ELEMENTS--GENERAL INFORMATION
fixed length control field 130820b xxu||||| |||| 00| 0 eng d
020 ## - INTERNATIONAL STANDARD BOOK NUMBER
International Standard Book Number 9781439856826
040 ## - CATALOGING SOURCE
Transcribing agency IIITM-K
082 00 - DEWEY DECIMAL CLASSIFICATION NUMBER
Classification number 005.437R LAW/P
100 1# - MAIN ENTRY--PERSONAL NAME
Personal name Lawrence, Michael
9 (RLIN) 1910
245 10 - TITLE STATEMENT
Title Programming graphical user interfaces in R
Statement of responsibility, etc. Michael F Lawrence, John Verzani
260 ## - PUBLICATION, DISTRIBUTION, ETC.
Place of publication, distribution, etc. Boca Raton,
Name of publisher, distributor, etc. CRC Press,
Date of publication, distribution, etc. 2012.
300 ## - PHYSICAL DESCRIPTION
Extent xv, 463 p.
440 #0 - SERIES STATEMENT/ADDED ENTRY--TITLE
Title Chapman & Hall/CRC the R series
9 (RLIN) 1911
650 #0 - SUBJECT ADDED ENTRY--TOPICAL TERM
Topical term or geographic name entry element COMPUTER SCIENCE
9 (RLIN) 1912
650 #0 - SUBJECT ADDED ENTRY--TOPICAL TERM
Topical term or geographic name entry element MATHEMATICS
9 (RLIN) 1913
650 #0 - SUBJECT ADDED ENTRY--TOPICAL TERM
Topical term or geographic name entry element COMPUTER SYSTEMS
9 (RLIN) 1914
650 #0 - SUBJECT ADDED ENTRY--TOPICAL TERM
Topical term or geographic name entry element GUI PROGRAMMING
9 (RLIN) 1915
650 #7 - SUBJECT ADDED ENTRY--TOPICAL TERM
Topical term or geographic name entry element R PROGRAMMING LANGUAGE
9 (RLIN) 1916
700 1# - ADDED ENTRY--PERSONAL NAME
Personal name Verzani, John
9 (RLIN) 1917
942 ## - ADDED ENTRY ELEMENTS (KOHA)
Source of classification or shelving scheme Dewey Decimal Classification
Koha item type Books
Holdings
Withdrawn status Lost status Source of classification or shelving scheme Damaged status Not for loan Home library Current library Shelving location Date acquired Cost, normal purchase price Total Checkouts Full call number Barcode Date last seen Date last checked out Price effective from Koha item type
    Dewey Decimal Classification     Kerala University of Digital Sciences, Innovation and Technology Knowledge Centre Kerala University of Digital Sciences, Innovation and Technology Knowledge Centre Computer Science 20/08/2013 3277.00 1 005.437R LAW/P 2914 03/12/2020 11/07/2014 20/08/2013 Books